000
00295nam a22001337a 4500
008
170710b xxu||||| |||| 00| 0 eng d
020
_a
0717201279
041
_a
eng
080
_a
R 031 LIT
100
_a
23
101
_a
ENC
245
_a
ENCYCLOPEDIA AMERICANA
_c
LITTLE,E.L
942
_2
udc
_c
BK
999
_c
20192
_d
20192